Stadiony Ekstraklasy 2024/25 - Statystyki

Ogólne statystyki
  • Ten quiz został rozwiązany 75 razy
  • Średni wynik to 2 z 17
Statystyki odpowiedzi
klub nazwa pojemnosc % Poprawnych
Lech Poznań Enea Stadion 42 837
89%
Legia Warszawa Stadion Wojska Polskiego 31 103
21%
Lechia Gdańsk Polsat Plus Arena Gdańsk 41 620
20%
Motor Lublin Arena Lublin 15 247
15%
Jagiellonia Białystok Chorten Arena 22 372
15%
Śląsk Wrocław Tarczyński Arena Wrocław 42 771
15%
Górnik Zabrze Arena Zabrze 24 563
10%
Korona Kielce Exbud Arena 15 700
8%
Pogoń Szczecin Stadion Floriana Krygiera 21 163
8%
Widzew Łódź Stadion Widzewa 18 018
5%
Zagłębie Lubin KGHM Zagłębie Arena 16 086
3%
Cracovia, Puszcza Niepołomice Stadion im. Józefa Piłsudskiego 15 016
2%
Raków Częstochowa Stadion Rakowa 5 500
2%
Radomiak Radom Stadion Braci Czachorów 8 840
0%
GKS Katowice Stadion GKS-u Katowice 7 455
0%
Piast Gliwice Stadion Piasta Gliwice 9 737
0%
Stal Mielec Stadion Stali Mielec 7 000
0%
Nie znaleziono quizów pasujących do podanych kryteriów
Rozkład punktacji
Procent ludzi z każdym wynikiem
Percentyl według liczby udzielonych odpowiedzi
Twoja historia wyników
Nie rozwiązałeś tego quizu